Analýza vývoje ekonomické kondice a efektivnosti privatizačního procesu bank v České republice

Analýza vývoja ekonomickej kondície bánk prostredníctvom skúmania vývojových trendov vybraných ekonomických parametrov pred zahájením, v priebehu a po ukončení privatizačného procesu do roku 2010.

Guardado en:
Detalles Bibliográficos
Autor principal: Zeman, Karel
Formato: Capítulo de libro
Lenguaje:checo
Materias:
Etiquetas: Agregar Etiqueta
Sin Etiquetas, Sea el primero en etiquetar este registro!

MARC

LEADER 00000naa a2200000 4500
001 0226312
005 20221019173206.6
041 0 |a cze 
044 |a CZ 
245 1 0 |a Analýza vývoje ekonomické kondice a efektivnosti privatizačního procesu bank v České republice  |c Karel Zeman 
520 |a Analýza vývoja ekonomickej kondície bánk prostredníctvom skúmania vývojových trendov vybraných ekonomických parametrov pred zahájením, v priebehu a po ukončení privatizačného procesu do roku 2010. 
610 2 0 |a privatizácia 
610 2 0 |a banky 
610 2 0 |a Česko 
610 2 0 |a zdravie podniku finančné 
100 1 |a Zeman, Karel